Flying TDS Enemies - Statistics

General Stats
  • This quiz has been taken 6 times
  • The average score is 5 of 6
Answer Stats
Answer % Correct
Balloon
100%
Fallen Angel
100%
Fallen Seraph
100%
Lead Balloon
100%
Balloon Kid
75%
Voodoo Doll
50%
No matching quizzes found
Score Distribution
Percent of People with Each Score
Percentile by Number Answered
Your Score History
You have not taken this quiz